Work psychology : (Record no. 4013)

MARC details
000 -LEADER
fixed length control field 01353cam a22001814a 4500
020 ## - INTERNATIONAL STANDARD BOOK NUMBER
ISBN 0273655442
050 00 - CALL NUMBER
Classification number HF5548.8
Item number .A78
100 1# - AUTHOR
Personal name Arnold, John,
245 00 - TITLE
Title Work psychology :
Remainder of title understanding human behaviour in the workplace /
Statement of responsibility, etc John Arnold with Joanne Silvester ... [et al.].
250 ## - EDITION
Edition statement 4th ed.
260 ## - PUBLICATION INFORMATION
Place of publication Harlow, England ;
-- New York, N.Y. :
Name of publisher Prentice Hall/Financial Times,
Year of publication 2005.
300 ## - DESCRIPTION
Number of Pages xxv, 718 p. :
Other physical details illus. (some col.) ;
Dimensions 27 cm.
500 ## - NOTES
General note Includes Index
505 ## - FORMATTED CONTENTS NOTE
Table of Content Chapter 1: Work Psychology : An Initial Orientation<br/>Chapter 2: Theory, Research and Practice in Work Psychology<br/>Chapter 3: Individual Differences<br/>Chapter 4: Foundations of Personnel Selection : Analysing Jobs, Competencies and Selection Effectiveness <br/>Chapter 5: Personnel Selection and Assessment Methods : What Works? <br/>Chapter 6: Assessing People at Work<br/>Chapter 7: Attitudes at Work <br/>Chapter 8: Analysis and Modification of Work Behaviour <br/>Chapter 9: Approaches to Work Motivation and Job Design <br/>Chapter 10: Training <br/>Chapter 11: Stress in the Workplace <br/>Chapter 12: Decisions, Groups and Teams at Work <br/>Chapter 13: Leadership <br/>Chapter 14: Careers and Career Management <br/>Chapter 15: Understanding Organisational Change and Culture.
650 #0 - SUBJECTS
Topical Term Psychology, Industrial.
650 #0 - SUBJECTS
Topical Term Work
General subdivision Psychological aspects.
942 ## - ADDED ENTRY ELEMENTS (KOHA)
Koha item type Books
Holdings
Withdrawn status Lost status Home library Current library Shelving location Date acquired Full call number Accession Number Koha item type
    Methodist University Library Tema Methodist University Library Tema Reference 15/01/2009 HF5548.8 .A78 23733 Books
    Methodist University Library Wenchi Nursing Methodist University Library Wenchi Nursing   21/10/2021 HF5548.8 .A78 18911 Books
Copyright © 2026  MUG Library